Boys' Names as City Names: Map Quiz - Statistics

General Stats
  • This quiz has been taken 58 times
  • The average score is 10 of 25
Answers on the Map
Answers color-coded by a green-red scale on the quiz's map according to % correct below.
 
Answer Stats
Answer % Correct
San Diego
85%
San Jose
71%
Austin
69%
St. Louis
69%
St. Paul
69%
Jackson
67%
Lincoln
65%
San Antonio
65%
Gary
60%
Eugene
52%
Fort Wayne
40%
Norman
35%
Tyler
35%
Chandler
25%
Lowell
25%
Allen
21%
Kent
21%
Lawrence
21%
West Jordan
19%
Cary
17%
Gilbert
17%
Quincy
15%
Everett
13%
Irving
13%
El Monte
0%
No matching quizzes found
Score Distribution
Percent of People with Each Score
Percentile by Number Answered
Your Score History
You have not taken this quiz